000 00559nam a22001697a 4500
005 20170428143257.0
010 _aENG-117981
020 _a9789383166084
_c850.00
035 _aEN-101513
037 _bDBAD/PUB
082 _a863.1092
245 _aShades of difference :
_cby Radha Chakraverty
_bselected works of Rabindra Nath Tagore /
260 _aTelagana
_bOrient Blackswan
_c2017
270 _a3-6-752,Himayatnagar
_bTelagana (Hydrabad)
_e500029
300 _axvi,291p. :
_c23 cm(Hb)
_bill.
_eCD-ROMs
942 _2ddc
_cEN
_h863.1092
_mSHA
999 _c139354
_d139354